[Event "Titled Tue 24th Jun Late"]
[Site "chess.com INT"]
[Date "2025.06.24"]
[Round "9"]
[White "Klukin, Kirill"]
[Black "Skatchkov, Pavel"]
[Result "0-1"]
[WhiteTitle "IM"]
[BlackTitle "GM"]
[WhiteElo "2401"]
[BlackElo "2457"]
[WhiteFideId "24199273"]
[BlackFideId "4121848"]
[EventDate "2025.06.24"]

1. d4 d5 2. Nf3 Nf6 3. e3 c5 4. c3 Nc6 5. Nbd2 Bf5 6. dxc5 e6 7. b4 a5 8. Bb5
Nd7 9. Nd4 Nxd4 10. exd4 Be7 11. O-O O-O 12. a4 e5 13. Bxd7 Qxd7 14. dxe5 d4 15.
Nc4 dxc3 16. Qxd7 Bxd7 17. Nxa5 Bxc5 18. bxc5 Rxa5 19. Ba3 Rfa8 20. Rfc1 Rxa4
21. Rxc3 Re4 22. Rg3 Rxe5 23. Rd1 Ba4 24. Bb2 Bxd1 25. Bxe5 g6 26. h4 Ba4 27.
Ra3 Ra6 28. f3 Bc6 29. Rd3 Ra8 30. Kh2 Re8 31. Bf6 h5 32. Kg3 Kh7 33. Kf4 Re6
34. Kg5 Re8 35. Rd6 Kg8 36. Kf4 Kf8 37. Rd2 Kg8 38. Kg5 Kh7 39. Rd3 Kg8 40. Kh6
Rc8 41. g4 hxg4 42. fxg4 Be4 43. Rd4 Bf3 44. h5 gxh5 45. gxh5 Bxh5 46. Kxh5
Rxc5+ 47. Kh6 Rc8 48. Kg5 Rc5+ 49. Kh6 Rc8 50. Rb4 Kf8 51. Rxb7 Ke8 52. Re7+ Kf8
53. Ra7 Ke8 54. Kg7 Rc6 55. Rb7 Rc8 56. Re7+ Kd8 57. Ra7+ Ke8 58. Kg8 Rc6 59.
Re7+ Kd8 60. Kxf7 Kc8 61. Re2 Rc7+ 62. Be7 Kd7 63. Rd2+ Kc6 64. Ke6 Kb5 65. Bd6
Rb7 66. Kd5 Rb6 67. Bc5 Rb7 68. Rd1 Ka6 69. Kc6 Rb6+ 70. Kc7 Rb7+ 71. Kc8 Rb3
72. Kc7 Rb7+ 73. Kd6 Rb3 74. Kd5 Rb7 75. Kc4 Rc7 76. Ra1+ Kb7 77. Kb5 Rd7 78.
Rf1 Rc7 79. Rd1 Rf7 80. Ra1 Rc7 81. Ra7+ Kc8 82. Ra8+ Kd7 83. Rg8 Rb7+ 84. Kc4
Rc7 85. Kd5 Rb7 86. Bd4 Rb5+ 87. Kc4 Rb7 88. Rg6 Rc7+ 89. Kd5 Rb7 90. Be3 Rb5+
91. Bc5 Rb7 92. Rd6+ Kc7 93. Kc4 Rb1 94. Rd2 Rb7 95. Rh2 Kc6 96. Bd4 Kc7 97. Kd5
Rb5+ 98. Bc5 Rb7 99. Rh8 Kd7 100. Bd6 Rb5+ 101. Bc5 Rb7 102. Rg8 Kc7 103. Bd6+
Kb6 104. Rg7 Rxg7 105. Bc5+ Kb5 106. Bd4 Rd7+ 107. Ke4 Kc4 108. Be5 Re7 109. Kf5
Kd5 110. Bf6 Rf7 111. Kg6 Ke6 112. Bg7 Rf1 113. Kh7 Kf7 114. Kh6 Rh1+ 0-1

[Event "Titled Tue 24th Jun Late"]
[Site "chess.com INT"]
[Date "2025.06.24"]
[Round "9"]
[White "Bazan Romero, Octavio Aaron"]
[Black "Zhu, Linxi"]
[Result "1/2-1/2"]
[WhiteTitle "FM"]
[BlackTitle "FM"]
[WhiteElo "2289"]
[BlackElo "2312"]
[WhiteFideId "20003943"]
[BlackFideId "39900428"]
[EventDate "2025.06.24"]

1. d4 Nf6 2. Bf4 g6 3. Nc3 d5 4. h4 Bg7 5. e3 O-O 6. h5 Nxh5 7. Rxh5 gxh5 8.
Qxh5 c6 9. Nf3 Nd7 10. Bh6 Nf6 11. Qg5 Ne8 12. Bd3 Qd6 13. Bxg7 Nxg7 14. O-O-O
h6 15. Qh4 Bf5 16. Rh1 Bxd3 17. cxd3 Nf5 18. Qh3 Qf6 19. Ne5 Kh7 20. g4 Nd6 21.
f4 Qg7 22. g5 f6 23. Nf3 Qg6 24. Kd2 Nf7 25. f5 Qg7 26. g6+ Kg8 27. gxf7+ Kxf7
28. Rg1 Qxg1 29. Nxg1 Rg8 30. Qh5+ Kf8 31. Qxh6+ Ke8 32. Qh7 Kd7 33. Nge2 Rg2
34. Qf7 Rh8 35. e4 dxe4 36. dxe4 Rhh2 37. Qe6+ Kd8 38. e5 fxe5 39. dxe5 Rg7 40.
f6 exf6 41. exf6 Rd7+ 42. Kc2 Rhh7 43. Nf4 Rhf7 44. Ng6 Kc7 45. Ne5 Rd6 46.
Qxf7+ Kc8 47. Qe8+ Rd8 48. f7 b5 49. Qxd8+ Kxd8 50. f8=Q+ Kc7 51. b4 c5 52.
Qxc5+ Kb8 53. Qxb5+ Kc8 54. Qa6+ Kb8 55. Nb5 Ka8 56. Nc4 Kb8 57. a4 Ka8 58. a5
Kb8 59. Qf6 Kb7 60. Nxa7 Kc7 61. Qb6+ Kd7 62. Qd6+ Ke8 63. Qe7+ Kxe7 64. Nc6+
Kd7 65. Kc3 Kc7 66. Kd4 Kb7 67. Kc5 Ka6 68. b5+ Kb7 69. a6+ Ka8 70. Nb4 Ka7 71.
b6+ Ka8 72. b7+ Ka7 73. Nc6+ Kxa6 74. b8=N+ Kb7 75. Nd7 Kc7 76. Nde5 Kb7 77.
Nd6+ Kc7 78. Nef7 Kd7 79. Kd5 Kc7 80. Nce5 Kb6 81. Nd8 Kc7 82. Ndc6 Kb6 83. Nd4
Kc7 84. Kc5 Kd8 85. Ndc6+ Kc7 86. Ne7 Kd8 87. N5c6+ Kd7 88. Kd5 Kc7 89. Ke6 Kb6
90. Ne5 Kc5 91. Nef5 Kb4 92. Kd5 Kc3 93. Ke4 Kb4 94. Kd4 Kb3 95. Kd3 Kb4 96. Ne3
Kc5 97. N3c4 Kd5 98. Ke3 Ke6 99. Ke4 Kf6 100. Nc6 Ke6 101. Kd4 Kf6 102. Kd5 Kg5
103. Ke5 Kg4 104. Ke4 Kg5 105. Nd8 Kf6 106. Ne5 Ke7 107. Nef7 Kf6 108. Kd5 Kg6
109. Ke5 Kg7 110. Kf5 Kh7 111. Kf6 Kg8 112. Ne6 Kh7 113. Nf5 Kg8 114. N7h6+ Kh7
115. Ng5+ Kh8 116. Ng4 Kg8 117. Ne6 Kh8 118. Kg6 Kg8 119. Nf6+ Kh8 120. Ng4 Kg8
121. Ne5 Kh8 122. Ng5 Kg8 123. Nh7 Kh8 124. Nd7 1/2-1/2

[Event "Titled Tue 24th Jun Late"]
[Site "chess.com INT"]
[Date "2025.06.24"]
[Round "10"]
[White "Klepek, Witold"]
[Black "Rodgers, Jack"]
[Result "0-1"]
[WhiteTitle "CM"]
[BlackTitle "FM"]
[WhiteElo "2253"]
[BlackElo "2183"]
[WhiteFideId "1175068"]
[BlackFideId "3220885"]
[EventDate "2025.06.24"]

1. c4 c5 2. Nf3 g6 3. g3 Bg7 4. Bg2 Nf6 5. d4 cxd4 6. Nxd4 O-O 7. O-O Nc6 8. Nc3
d6 9. Nxc6 bxc6 10. Bxc6 Rb8 11. b3 Bh3 12. Re1 Ng4 13. Bb2 Qb6 14. Bf3 Qxf2+ 0-1

[Event "Titled Tue 24th Jun Late"]
[Site "chess.com INT"]
[Date "2025.06.24"]
[Round "10"]
[White "Chen, Yidong"]
[Black "Li, Eric 2007"]
[Result "0-1"]
[BlackTitle "IM"]
[WhiteElo "2074"]
[BlackElo "2372"]
[WhiteFideId "8607028"]
[BlackFideId "30939941"]
[EventDate "2025.06.24"]

1. e4 e5 2. Nf3 Nf6 3. Nc3 Nc6 4. Bb5 Nd4 5. Bc4 c6 6. h3 d6 7. d3 Be6 8. Bxe6
Nxe6 9. Be3 d5 10. exd5 cxd5 11. d4 e4 12. Ne5 Bd6 13. Qd2 O-O 14. Ng4 Bb4 15.
a3 Bxc3 16. Qxc3 Nd7 17. Nh2 Rc8 18. Qd2 f5 19. g3 g5 20. f4 gxf4 21. Nf3 exf3 0-1

[Event "Titled Tue 24th Jun Late"]
[Site "chess.com INT"]
[Date "2025.06.24"]
[Round "10"]
[White "Nihal, Sarin"]
[Black "Chigaev, Maksim"]
[Result "0-1"]
[WhiteTitle "GM"]
[BlackTitle "GM"]
[WhiteElo "2696"]
[BlackElo "2635"]
[WhiteFideId "25092340"]
[BlackFideId "4108116"]
[EventDate "2025.06.24"]

1. d4 d5 2. g3 Nf6 3. Bg2 e6 4. Nf3 Be7 5. O-O O-O 6. b3 b6 7. Bb2 Bb7 8. Nbd2
Nbd7 9. c4 c5 10. Rc1 Rc8 11. e3 Rc7 12. cxd5 Bxd5 13. Qe2 Qa8 14. Rfe1 Ne4 15.
Nxe4 Bxe4 16. dxc5 Rxc5 17. Red1 Rxc1 18. Bxc1 Nf6 19. Bb2 Rc8 20. Ne1 Bxg2 21.
Nxg2 h6 22. Ne1 Qb7 23. Nf3 Qe4 24. Bxf6 Bxf6 25. Kg2 Rc2 26. Rd2 Rxd2 27. Qxd2
g5 28. h3 h5 29. Qd6 g4 30. hxg4 hxg4 31. Qb8+ Kg7 32. Qxa7 gxf3+ 33. Kh3 Qh7+
34. Kg4 Qf5# 0-1

[Event "Titled Tue 24th Jun Late"]
[Site "chess.com INT"]
[Date "2025.06.24"]
[Round "10"]
[White "Mecit, Emre"]
[Black "Yushko, Olga"]
[Result "1-0"]
[BlackTitle "WFM"]
[WhiteElo "2007"]
[BlackElo "2033"]
[WhiteFideId "6304214"]
[BlackFideId "14114500"]
[EventDate "2025.06.24"]

1. e4 Nf6 2. e5 Nd5 3. d4 d6 4. Nf3 Bg4 5. Be2 c6 6. O-O Bxf3 7. Bxf3 dxe5 8.
dxe5 e6 9. Qe2 Qc7 10. Rd1 Nd7 11. c4 Ne7 12. Bf4 Ng6 13. Bg3 Ngxe5 14. Nc3
Nxf3+ 15. Qxf3 Qc8 16. Ne4 Be7 17. Nd6+ Bxd6 18. Bxd6 Nf6 19. Qg3 g6 20. Qe5 Qd8
21. Bc5 Qa5 22. Qxf6 Qxc5 23. Qxh8+ 1-0

[Event "Titled Tue 24th Jun Late"]
[Site "chess.com INT"]
[Date "2025.06.24"]
[Round "10"]
[White "Gruzman, Ilya"]
[Black "Vazelakis, Dimitrios"]
[Result "1-0"]
[WhiteTitle "CM"]
[WhiteElo "2165"]
[BlackElo "1857"]
[WhiteFideId "2812703"]
[BlackFideId "4203674"]
[EventDate "2025.06.24"]

1. d4 e6 2. c4 f5 3. Nc3 Nf6 4. Nf3 Bb4 5. Bd2 O-O 6. e3 d6 7. Be2 b6 8. O-O Bb7
9. Qc2 Bxc3 10. Bxc3 Ne4 11. b4 Qe7 12. Rac1 e5 13. dxe5 dxe5 14. Bxe5 c5 15. b5
Nd7 16. Bg3 Ndf6 17. Rcd1 Nh5 18. Nd2 Nhxg3 19. hxg3 Qg5 20. Nxe4 fxe4 21. Rd7
Bc8 22. Rd6 Bf5 23. Rfd1 h5 24. R1d5 Qe7 25. Bxh5 Be6 26. Qxe4 1-0

[Event "Titled Tue 24th Jun Late"]
[Site "chess.com INT"]
[Date "2025.06.24"]
[Round "10"]
[White "Bold, Andre"]
[Black "Lyakh, Vasiliy"]
[Result "1-0"]
[WhiteTitle "CM"]
[WhiteElo "2235"]
[BlackElo "2123"]
[WhiteFideId "16208471"]
[BlackFideId "14189828"]
[EventDate "2025.06.24"]

1. d4 Nf6 2. Nf3 e6 3. g3 c5 4. c3 d5 5. Bg2 Nc6 6. O-O Be7 7. Ne5 Nxe5 8. dxe5
Nd7 9. f4 c4 10. e4 dxe4 11. Be3 Bc5 12. Bxc5 Nxc5 13. Qxd8+ Kxd8 14. Na3 Bd7
15. Rfd1 Kc7 16. Nxc4 Bc6 17. Nd6 f6 18. b4 Nd3 19. Bxe4 fxe5 20. Rxd3 Rhd8 21.
Bxc6 Kxc6 22. fxe5 a5 23. b5+ Kc5 24. Nxb7+ Kc4 25. Rxd8 1-0

[Event "Titled Tue 24th Jun Late"]
[Site "chess.com INT"]
[Date "2025.06.24"]
[Round "10"]
[White "Cernov, Henrik"]
[Black "Suarez, Pedro"]
[Result "1-0"]
[WhiteTitle "FM"]
[BlackTitle "CM"]
[WhiteElo "2325"]
[BlackElo "2066"]
[WhiteFideId "16258312"]
[BlackFideId "3007642"]
[EventDate "2025.06.24"]

1. e4 d6 2. d4 Nf6 3. Nc3 Nbd7 4. f4 e5 5. Nf3 exd4 6. Qxd4 c6 7. e5 dxe5 8.
fxe5 Bc5 9. Qc4 Qe7 10. Bf4 Ng4 11. Ne4 b5 12. Qe2 Nb6 13. Bg5 Qe6 14. Nxc5 1-0

[Event "Titled Tue 24th Jun Late"]
[Site "chess.com INT"]
[Date "2025.06.24"]
[Round "10"]
[White "Palczert, Matyas"]
[Black "Craciun, Sasha-Matei"]
[Result "1-0"]
[WhiteTitle "FM"]
[BlackTitle "FM"]
[WhiteElo "2396"]
[BlackElo "2320"]
[WhiteFideId "784958"]
[BlackFideId "1281186"]
[EventDate "2025.06.24"]

1. b3 d5 2. Bb2 e6 3. Nf3 Nf6 4. g3 Be7 5. Bg2 O-O 6. O-O c5 7. d4 Nc6 8. dxc5
Bxc5 9. a3 a6 10. b4 Be7 11. Nbd2 b5 12. e4 Nxe4 13. Nxe4 dxe4 14. Ne5 Nxe5 15.
Bxe5 Bb7 16. Qg4 Bf6 17. Rad1 Qe7 18. Rd7 Qxd7 19. Bxf6 g6 20. Qg5 Qd8 21. Bxd8
Rfxd8 22. h4 Rac8 23. h5 Rd5 24. Qe3 Rxh5 25. Bxe4 Re5 26. Bxb7 Rxe3 27. fxe3
Rxc2 28. Bxa6 Rc3 29. Ra1 Rxe3 30. Bxb5 Rxg3+ 31. Kf2 Rb3 32. Bc4 Rb2+ 33. Ke3
h5 34. Kd4 g5 35. Kc3 Rf2 36. a4 g4 37. a5 g3 38. a6 Rf3+ 39. Bd3 g2 40. a7 1-0

[Event "Titled Tue 24th Jun Late"]
[Site "chess.com INT"]
[Date "2025.06.24"]
[Round "10"]
[White "Skatchkov, Pavel"]
[Black "Dubnevych, Maksym"]
[Result "1-0"]
[WhiteTitle "GM"]
[BlackTitle "FM"]
[WhiteElo "2457"]
[BlackElo "2296"]
[WhiteFideId "4121848"]
[BlackFideId "14184001"]
[EventDate "2025.06.24"]

1. d4 Nf6 2. c4 e6 3. Nf3 d5 4. g3 dxc4 5. Bg2 Nbd7 6. a4 c6 7. O-O a5 8. Na3
Bxa3 9. Rxa3 O-O 10. Qc2 b5 11. axb5 cxb5 12. Ne5 Nd5 13. g4 Bb7 14. Rh3 g6 15.
Qd2 f6 16. Qh6 Qe7 17. Nxg6 hxg6 18. Qh8+ Kf7 19. Rh7+ Ke8 20. Rxe7+ Kxe7 21.
Qg7+ Rf7 22. Qxg6 a4 23. e4 Nb4 24. g5 Nd3 25. gxf6+ Nxf6 26. e5 Nd5 27. Bg5+
Kf8 28. Qxe6 Ra6 29. Bh6+ Kg8 30. Qe8+ Kh7 31. Qxf7+ Kxh6 32. Qxb7 1-0

[Event "Titled Tue 24th Jun Late"]
[Site "chess.com INT"]
[Date "2025.06.24"]
[Round "10"]
[White "Unver, Cumayi"]
[Black "Sroczynski, Maciej"]
[Result "1-0"]
[BlackTitle "FM"]
[WhiteElo "2012"]
[BlackElo "2236"]
[WhiteFideId "6304940"]
[BlackFideId "1121472"]
[EventDate "2025.06.24"]

1. c3 g6 2. d4 Bg7 3. Nf3 Nf6 4. Bf4 d6 5. Qd2 h6 6. Qc2 Bf5 7. Qb3 Nbd7 8. Nbd2
O-O 9. h3 g5 10. Bg3 c5 11. e3 b6 12. Be2 Re8 13. O-O e5 14. dxe5 dxe5 15. Rfd1
Qe7 16. Nc4 Ne4 17. Bh2 Be6 18. Qc2 Bxc4 19. Bxc4 Nd6 20. Bf1 Rad8 21. a4 f5 22.
Rd5 f4 23. Rad1 Nf7 24. Bc4 Kh8 25. Qf5 e4 26. Rxd7 Rxd7 27. Rxd7 Qe5 28. Nxe5 1-0

[Event "Titled Tue 24th Jun Late"]
[Site "chess.com INT"]
[Date "2025.06.24"]
[Round "10"]
[White "Donoso Aguirre, Maximiliano"]
[Black "Sheehan, Ethan"]
[Result "0-1"]
[WhiteTitle "CM"]
[WhiteElo "2050"]
[BlackElo "2364"]
[WhiteFideId "3458920"]
[BlackFideId "30943965"]
[EventDate "2025.06.24"]

1. e4 e5 2. Nf3 Nc6 3. Bc4 Nf6 4. d3 Bc5 5. Nc3 d6 6. Na4 Bb6 7. a3 Be6 8. Nxb6
axb6 9. Bxe6 fxe6 10. O-O O-O 11. Re1 Qe7 12. d4 exd4 13. Nxd4 Nxd4 14. Qxd4 e5
15. Qc4+ Qf7 16. Qxf7+ Rxf7 17. f3 h6 18. Be3 g5 19. Rad1 Kh7 20. Rd3 Re8 21.
Red1 g4 22. Bf2 gxf3 23. Rxf3 Ref8 24. Re1 Nd7 25. Rxf7+ Rxf7 26. Be3 Nf6 27.
Rf1 Kg6 28. h3 h5 29. Re1 b5 30. Bf2 Nd7 31. Re3 Kf6 32. Rc3 c6 33. Rd3 Ke6 34.
Rg3 Rf4 35. Re3 Nf6 36. Rg3 Rxf2 37. Kxf2 Nxe4+ 38. Kf3 Nxg3 39. Kxg3 Kf5 40.
Kf3 e4+ 41. Ke3 h4 42. b4 Ke5 43. c3 d5 0-1

[Event "Titled Tue 24th Jun Late"]
[Site "chess.com INT"]
[Date "2025.06.24"]
[Round "10"]
[White "Zhu, Linxi"]
[Black "Salonen, Aku"]
[Result "0-1"]
[WhiteTitle "FM"]
[BlackTitle "FM"]
[WhiteElo "2312"]
[BlackElo "2330"]
[WhiteFideId "39900428"]
[BlackFideId "517577"]
[EventDate "2025.06.24"]

1. e4 c5 2. Nf3 d6 3. d4 cxd4 4. Nxd4 Nf6 5. Nc3 a6 6. h3 e5 7. Nb3 Be6 8. f4
Qc7 9. g4 exf4 10. Bxf4 Nc6 11. Qd2 Ne5 12. O-O-O Rc8 13. Nd4 g6 14. Bg2 Bg7 15.
Nxe6 fxe6 16. Qxd6 Qxd6 17. Rxd6 Nc4 18. Rd3 Nd7 19. Nd1 Rf8 20. Bg3 Nc5 21. Rf3
Bh6+ 22. Kb1 Nd2+ 23. Ka1 0-1

[Event "Titled Tue 24th Jun Late"]
[Site "chess.com INT"]
[Date "2025.06.24"]
[Round "10"]
[White "Jagirapu, Harshin Reddy"]
[Black "Barwinska, Ewa"]
[Result "1-0"]
[BlackTitle "WFM"]
[WhiteElo "2042"]
[BlackElo "2014"]
[WhiteFideId "39910679"]
[BlackFideId "21833761"]
[EventDate "2025.06.24"]

1. Nf3 c5 2. e4 Nc6 3. d4 cxd4 4. Nxd4 Nf6 5. Nc3 e6 6. Ndb5 Bb4 7. Bf4 O-O 8.
Bc7 Qe7 9. Bd6 Bxd6 10. Qxd6 Qd8 11. O-O-O Ne8 12. Qg3 a6 13. Nd6 Nxd6 14. Qxd6
b5 15. h4 Qa5 16. Qc5 Qc7 17. Kb1 b4 18. Na4 Rb8 19. h5 Qe5 20. Qxe5 Nxe5 21.
Be2 Bb7 22. Nc5 d5 23. Nxb7 Rxb7 24. exd5 exd5 25. Rxd5 Nc6 26. Bxa6 Ra7 27. Bb5
Ne7 28. Rd3 Rb8 29. Rhd1 f6 30. Bc4+ 1-0

[Event "Titled Tue 24th Jun Late"]
[Site "chess.com INT"]
[Date "2025.06.24"]
[Round "10"]
[White "Tsiolakidis, Anastasios"]
[Black "Jakovljevic, Dejan"]
[Result "0-1"]
[WhiteTitle "FM"]
[BlackTitle "CM"]
[WhiteElo "2298"]
[BlackElo "1956"]
[WhiteFideId "4201477"]
[BlackFideId "949418"]
[EventDate "2025.06.24"]

1. e4 e6 2. Nf3 d5 3. Nc3 Nf6 4. e5 Nfd7 5. b3 c5 6. Bb5 Nc6 7. O-O a6 8. Bxc6
bxc6 9. Na4 Nb6 10. Nxb6 Qxb6 11. d3 Be7 12. c4 O-O 13. Re1 a5 14. Bg5 Qc7 15.
Rc1 a4 16. cxd5 cxd5 17. b4 Bxg5 18. Nxg5 Qe7 19. Qh5 h6 20. Nh3 cxb4 21. f4 b3
22. axb3 axb3 23. Rb1 Qc5+ 24. Kh1 Qc2 25. d4 b2 26. f5 exf5 27. Nf4 Be6 28. Qf3
Rfc8 0-1

[Event "Titled Tue 24th Jun Late"]
[Site "chess.com INT"]
[Date "2025.06.24"]
[Round "10"]
[White "Moroni, Luca Jr"]
[Black "Volodin, Alexandr E."]
[Result "1-0"]
[WhiteTitle "GM"]
[BlackTitle "FM"]
[WhiteElo "2549"]
[BlackElo "2344"]
[WhiteFideId "865834"]
[BlackFideId "34268871"]
[EventDate "2025.06.24"]

1. e4 c5 2. Nf3 d6 3. d4 cxd4 4. Nxd4 Nf6 5. Nc3 a6 6. h4 e5 7. Nb3 Be7 8. Bg5
Be6 9. g3 Nbd7 10. Bh3 Bxh3 11. Rxh3 O-O 12. Qd2 Rc8 13. f3 b5 14. O-O-O Qc7 15.
Rh2 Rfd8 16. Kb1 Nb6 17. Bxf6 Bxf6 18. Nd5 Nxd5 19. Qxd5 Be7 20. f4 Qb6 21. f5
a5 22. g4 a4 23. Nc1 a3 24. g5 axb2 25. Nd3 Qc6 26. Qxc6 Rxc6 27. Nb4 Rc4 28.
Nd5 Bf8 29. Re2 Ra8 30. Nb6 Rca4 31. Nxa8 Rxa8 32. Rd5 b4 33. Kxb2 f6 34. Rb5
Ra4 35. gxf6 gxf6 36. Rb7 d5 37. Rg2+ Kh8 38. Rb8 1-0

[Event "Titled Tue 24th Jun Late"]
[Site "chess.com INT"]
[Date "2025.06.24"]
[Round "10"]
[White "Hernandez Leon, Sergio"]
[Black "Ferraz, Michel Liah"]
[Result "0-1"]
[WhiteTitle "CM"]
[WhiteElo "2102"]
[BlackElo "2007"]
[WhiteFideId "2285622"]
[BlackFideId "22743219"]
[EventDate "2025.06.24"]

1. e4 c5 2. Nc3 Nc6 3. Bb5 e6 4. Nf3 Nge7 5. Bxc6 Nxc6 6. d4 cxd4 7. Nxd4 Bc5 8.
Nb3 Bf8 9. O-O d6 10. Re1 e5 11. Nd5 Be6 12. c4 Be7 13. Be3 O-O 14. Qd2 f5 15.
exf5 Bxf5 16. Rad1 Bf6 17. Nxf6+ Qxf6 18. Qxd6 Be6 19. Qd3 Rad8 20. Qc3 Bg4 21.
Rxd8 Rxd8 22. f3 Bf5 23. Na5 Rd3 0-1

[Event "Titled Tue 24th Jun Late"]
[Site "chess.com INT"]
[Date "2025.06.24"]
[Round "10"]
[White "Thake, Conrad"]
[Black "Gerbelli Neto, Eduardo"]
[Result "0-1"]
[WhiteTitle "CM"]
[WhiteElo "1873"]
[BlackElo "2114"]
[WhiteFideId "5602947"]
[BlackFideId "2103281"]
[EventDate "2025.06.24"]

1. e4 e5 2. Nf3 Nc6 3. Bc4 Nf6 4. d3 Bc5 5. c3 d6 6. a4 a5 7. O-O O-O 8. h3 Bd7
9. Be3 Bxe3 10. fxe3 h6 11. Qe1 Qe7 12. Qh4 Be6 13. Nbd2 d5 14. exd5 Bxd5 15. e4
Be6 16. Kh1 Nd7 17. Qxe7 Nxe7 18. Bxe6 fxe6 19. Nh4 Nc5 20. d4 exd4 21. cxd4 Nd3
22. b3 g5 23. Nhf3 Ng6 24. Nc4 b6 25. Rad1 Nb4 26. d5 exd5 27. Rxd5 Nxd5 28.
exd5 Rad8 29. Rd1 Rfe8 30. d6 cxd6 31. Nxd6 Re6 0-1

[Event "Titled Tue 24th Jun Late"]
[Site "chess.com INT"]
[Date "2025.06.24"]
[Round "10"]
[White "Karas, Marek"]
[Black "Jasinski, Alexander"]
[Result "1-0"]
[WhiteTitle "FM"]
[WhiteElo "2215"]
[BlackElo "1989"]
[WhiteFideId "14928558"]
[BlackFideId "55627994"]
[EventDate "2025.06.24"]

1. d4 Nf6 2. Nf3 g6 3. c4 Bg7 4. Nc3 Kf8 5. e4 d6 6. Be2 h6 7. Be3 Kg8 8. h3 Kh7
9. g4 Re8 10. Nd2 e5 11. d5 c6 12. h4 cxd5 13. cxd5 Ng8 14. h5 g5 15. f3 a6 16.
a4 Ne7 17. O-O Nd7 18. Nc4 Qc7 19. Rc1 Qb8 20. a5 Bf8 21. Na4 f6 22. Nab6 Nxb6
23. Nxb6 Rd8 24. Nxa8 Qxa8 25. Rc7 Rd7 26. Qc1 Qb8 27. Bb6 Kg7 28. Rxd7 Bxd7 29.
Qc7 Qxc7 30. Bxc7 Nc8 31. Rc1 Kf7 32. Bb6 Ne7 33. Rc7 Bc8 34. b4 Ke8 35. b5 axb5
36. Bxb5+ Kf7 37. Bd7 Bxd7 38. Rxd7 1-0

[Event "Titled Tue 24th Jun Late"]
[Site "chess.com INT"]
[Date "2025.06.24"]
[Round "10"]
[White "Nguyen, Ngoc Truong Son"]
[Black "Borisek, Jure"]
[Result "1-0"]
[WhiteTitle "GM"]
[BlackTitle "GM"]
[WhiteElo "2600"]
[BlackElo "2558"]
[WhiteFideId "12401110"]
[BlackFideId "14603152"]
[EventDate "2025.06.24"]

1. e4 g6 2. d4 Bg7 3. Nc3 d6 4. h4 c5 5. dxc5 Qa5 6. cxd6 Bxc3+ 7. bxc3 Nf6 8.
Bd3 exd6 9. Ne2 Nc6 10. Bg5 Qe5 11. f4 Qe7 12. Bb5 h6 13. Bxf6 Qxf6 14. Qd4 Qxd4
15. cxd4 O-O 16. Bxc6 bxc6 17. Kd2 Re8 18. Nc3 f5 19. e5 Be6 20. Rab1 dxe5 21.
dxe5 Rab8 22. a3 Rb6 23. Rxb6 axb6 24. Rb1 b5 25. a4 bxa4 26. Nxa4 Rd8+ 27. Kc3
Bd5 28. g3 Ra8 29. Nc5 Ra3+ 30. Kd4 Rxg3 31. e6 Kg7 32. Rb7+ Kf8 33. Ke5 1-0

[Event "Titled Tue 24th Jun Late"]
[Site "chess.com INT"]
[Date "2025.06.24"]
[Round "10"]
[White "Dyachuk, Artem"]
[Black "Hansen, Eric"]
[Result "0-1"]
[WhiteTitle "FM"]
[BlackTitle "GM"]
[WhiteElo "2374"]
[BlackElo "2609"]
[WhiteFideId "34107924"]
[BlackFideId "2606771"]
[EventDate "2025.06.24"]

1. e4 c5 2. Nf3 e6 3. d4 cxd4 4. Nxd4 a6 5. Bd3 Qb6 6. Nb3 Qc7 7. O-O d6 8. c4
Nf6 9. Nc3 b6 10. Re1 Bb7 11. Bg5 Be7 12. Qf3 Nbd7 13. Qh3 h6 14. Bf1 Ne5 15.
Nd2 O-O-O 16. Be3 g5 17. Rac1 g4 18. Qh4 Nxe4 19. Qh5 Nxd2 20. Nd5 Ndf3+ 21.
gxf3 Nxf3+ 22. Kh1 Nxe1 23. Bg2 Nxg2 24. Qxf7 Nxe3 25. Qxe6+ Kb8 26. Qxe3 Bg5 0-1

[Event "Titled Tue 24th Jun Late"]
[Site "chess.com INT"]
[Date "2025.06.24"]
[Round "10"]
[White "Clawitter, Craig"]
[Black "Beulen, Marcel"]
[Result "0-1"]
[BlackTitle "FM"]
[WhiteElo "2050"]
[BlackElo "2359"]
[WhiteFideId "2023105"]
[BlackFideId "1001450"]
[EventDate "2025.06.24"]

1. e4 d5 2. exd5 Qxd5 3. Nc3 Qa5 4. d4 Nf6 5. Nf3 Bf5 6. Ne5 c6 7. g4 Be6 8. h3
Nbd7 9. Nc4 Bxc4 10. Bxc4 e6 11. Qe2 O-O-O 12. Bd2 Qc7 13. O-O-O Bd6 14. g5 Nd5
15. Qf3 Nxc3 16. Bxc3 Bf4+ 17. Bd2 Bxd2+ 18. Rxd2 Nb6 19. Bb3 Nd5 20. h4 h6 21.
g6 f6 22. Re1 Rhe8 23. c3 Re7 24. Rde2 Qf4+ 25. Qxf4 Nxf4 26. Bxe6+ Kc7 27. Re4
Nd3+ 28. Kd2 Nxe1 0-1

[Event "Titled Tue 24th Jun Late"]
[Site "chess.com INT"]
[Date "2025.06.24"]
[Round "10"]
[White "Lin, Bryan Enming"]
[Black "Petersen, Marcel"]
[Result "0-1"]
[WhiteTitle "FM"]
[BlackTitle "CM"]
[WhiteElo "2343"]
[BlackElo "2236"]
[WhiteFideId "30987121"]
[BlackFideId "12935670"]
[EventDate "2025.06.24"]

1. e4 g6 2. d4 Bg7 3. Nf3 e6 4. Bd3 Ne7 5. O-O d5 6. e5 Nd7 7. Re1 b6 8. c3 c5
9. Na3 O-O 10. h4 f6 11. exf6 Nxf6 12. Ng5 Nf5 13. Nc2 Nxh4 14. Nxe6 Bxe6 15.
Rxe6 Qd7 16. Re1 Ng4 17. f3 Nh6 18. Bg5 N4f5 19. Qd2 cxd4 20. cxd4 Rae8 21. a4
Nf7 22. Rxe8 Rxe8 23. Bb5 Qc8 24. Bd7 Qxd7 0-1

[Event "Titled Tue 24th Jun Late"]
[Site "chess.com INT"]
[Date "2025.06.24"]
[Round "10"]
[White "Da Silva, Lucas Pereira Mendes"]
[Black "Zieba, Hubert"]
[Result "0-1"]
[BlackTitle "CM"]
[WhiteElo "2122"]
[BlackElo "2233"]
[WhiteFideId "22718613"]
[BlackFideId "21844704"]
[EventDate "2025.06.24"]

1. d4 d5 2. c4 dxc4 3. e3 Nf6 4. Bxc4 e6 5. f3 Be7 6. Ne2 O-O 7. O-O c5 8. Nbc3
a6 9. dxc5 Qxd1 10. Rxd1 Bxc5 11. Kf1 b5 12. Bd3 Bb7 13. e4 Nc6 14. Bg5 Rfc8 15.
Bxf6 gxf6 16. Rac1 Ne5 17. a3 Be3 18. Rb1 Rd8 19. Bc2 Nc4 20. Rxd8+ Rxd8 21. Ke1
Rd2 22. Bb3 Nxb2 23. a4 b4 24. Nd1 Nxd1 25. Rxd1 Rxd1+ 26. Kxd1 a5 27. Bc4 Kf8
28. Kc2 Ke7 29. Kb3 Kd6 30. Ng3 Bf4 31. Nh5 Be5 32. h3 Kc5 33. Ng7 Bc6 34. Ba6
Kd4 35. h4 f5 36. exf5 Bxg7 37. fxe6 fxe6 38. Bc8 Bd5+ 39. Kc2 b3+ 40. Kb1 Kc3
41. h5 b2 0-1